[Event "SVK-chT3B2 1213"]
[Site "Slovakia"]
[Date "2012.11.11"]
[Round "2.5"]
[White "Krajcovic, Frantisek"]
[Black "Zernovic, Michal"]
[Result "1-0"]
[WhiteElo "1805"]
[BlackElo "1838"]
[PlyCount "83"]
[EventDate "2012.10.28"]
[EventType "team-tourn"]
[EventRounds "14"]
[EventCountry "SVK"]
[SourceTitle "EXT 2022"]
[Source "ChessBase"]
[SourceDate "2021.10.06"]
[SourceVersion "1"]
[SourceVersionDate "2021.10.06"]
[SourceQuality "1"]
[WhiteTeam "Handlova"]
[BlackTeam "Podhradie Povazske"]
[WhiteTeamCountry "SVK"]
[BlackTeamCountry "SVK"]

1. d4 d5 2. c4 Nf6 3. Nc3 Bf5 4. e3 Nc6 5. Qb3 e6 6. Qxb7 Nb4 7. c5 Nc2+ 8. Kd2 Nxa1 9. Bb5+ Nd7 10. Nf3 f6 11. Nh4 Bc2 12. Qc6 Ke7 13. Bd3 Bxd3 14. Kxd3 g5 15. Nf3 a6 16. Re1 Kf7 17. b4 Ra7 18. Bb2 Qe8 19. Kd2 Nb8 20. Qxe8+ Kxe8 21. Bxa1 c6 22. a4 Rb7 23. Rb1 Nd7 24. b5 Nb8 25. bxa6 Rxb1 26. a7 Rxa1 27. axb8Q+ Kf7 28. Qc7+ Be7 29. Qxc6 Rb8 30. Kc2 Rb4 31. Nd2 f5 32. Nf3 Rf1 33. Ne5+ Kg7 34. Qe8 Rxf2+ 35. Kd3 Rbb2 36. Qxe7+ Kh6 37. Nf3 Rxg2 38. Qxe6+ Kg7 39. Qxf5 g4 40. Qe5+ Kf8 41. Qh8+ Ke7 42. Nxd5+ 1-0